Responses for Show #2207 - Tuesday, March 22, 1994

Contestants

[<< previous game]

Ginny Weeks, a counselor and librarian from Busby, Montana

Tom Lakeman, a writer from Beverly Hills, California

Walter Kramer, an environmental scientist from Salt Lake City, Utah (whose 1-day cash winnings total $10,601)

[next game >>]

Jeopardy! Round responses

ALASKA
PEOPLE
DECORATIVE ARTS
ASTRONOMY & SPACE
FRUITS & VEGETABLES
CROSSWORD CLUES "A"
    $100 1
Juneau

Tom
    $100 7
Aretha Franklin

Walter
    $100 21
the Ming Dynasty

Tom
    $100 23
a comet

Tom
    $100 8
a pear

Walter
    $100 2
(Tom: What is aces?)
...
(Alex: [*], yes. 3 letters, Tom. You put that "s" in there for the plural. Sorry.)

ace

WalterTom
    $200 3
the Aleutians

Walter
    $200 13
(Tom: Who is Ulysses S. Grant?)

H. Norman Schwarzkopf

Tom
Triple Stumper
    $200 22
leather

Walter
    $200 24
(Tom: What is Mars?)

Venus

WalterTom
    $200 9
zucchini

Walter
    $200 17
armor

Walter
    $300 4
60%

Walter
    $300 14
ice dancing

Walter
    $300 28
Venice

Ginny
    $300 25
Mars

Tom
    $300 10
collard greens

Tom
    $300 18
Aesop

Triple Stumper
    $400 5
(Vitus) Bering

Ginny
    $1,000 15
Nancy Reagan

Walter
    $400 29
etching

Walter
    $400 26
Sirius

Tom
    $400 11
artichoke

Ginny
    $400 19
alpha

Walter
    $500 6
Prudhoe (Bay)

Ginny
    $500 16
Ann Richards

Tom
    $500 30
lace

Walter
    $500 27
Mir

Ginny
    $500 12
Commodore (Matthew) Perry

Tom
    $500 20
Armageddon

Ginny

Scores at the first commercial break (after clue 14):

Walter Tom Ginny
$1,300 $600 $1,300

Scores at the end of the Jeopardy! Round:

Walter Tom Ginny
$4,200 $1,800 $2,600

Double Jeopardy! Round responses

KINGS & QUEENS
HOLIDAYS & OBSERVANCES
POLITICAL LINGO
THE 1790s
TELEVISION HISTORY
LITERATURE
    $200 1
Saudi Arabia

Tom
    $200 3
Christmas Eve

Walter
    $200 12
Teflon

Walter
    $200 26
Eli Whitney

Tom
    $200 11
the Ford Foundation

Walter
    $200 21
(James Fenimore) Cooper

Ginny
    $400 2
the de Medici

Walter
    $400 4
Buddha

Walter
    $400 13
the flesh

Tom
    $400 27
(Patrick) Henry

Ginny
    $400 14
Walter Cronkite

Tom
    $400 22
Oxford

Tom
    $600 8
Juan Carlos

Walter
    $600 5
the United States

Ginny
    $600 17
a landslide

Ginny
    $600 28
the U.S.S. Constitution ("Old Ironsides")

Walter
    $600 15
Desilu

Tom
    $600 23
War and Peace

Walter
    $800 9
(Walter: Who is Mary, Queen of Scots?)

Mary I (Mary Tudor)

WalterTom
    $800 6
Maundy Thursday

Tom
    $800 18
Potomac Fever

Tom
    $800 29
Noah Webster

Walter
    $800 16
(Ginny: What is MTV?)

the E! network

WalterGinny
    $800 24
(Rudyard) Kipling

Ginny
    $1000 10
(Ginny: What is Finland?)

Poland

TomGinny
    $1,000 7
Bastille Day

Tom
    $1000 19
a spin doctor

Tom
    $1,200 30
Philadelphia

Walter
    $1000 20
migrant workers

Ginny
    $1000 25
Charles Dickens

Tom

Scores at the end of the Double Jeopardy! Round:

Walter Tom Ginny
$9,400 $10,400 $4,400

[wagering suggestions for these scores]

Final Jeopardy! Round responses

PLAYWRIGHTS
GinnyWho is Shaw?
$4,399
WalterWho was Shakespeare?
$9,399
TomWho was G. B. Shaw?
$8,401
George Bernard Shaw

Final scores:

Walter Tom Ginny
$1 $18,801 $8,799
3rd place: Retroneu silverware New champion: $18,801 2nd place: an NEC notebook computer + a Sanyo cordless phon

Game dynamics:

Coryat scores:

Walter Tom Ginny
$8,600 $10,400 $4,400
25 R
(including 2 DDs),
1 W
21 R
(including 1 DD),
3 W
12 R,
2 W

Combined Coryat: $23,400

[game clues] [game scores] [suggest correction]

Game tape date: 1993-12-13
The J! Archive is created by fans, for fans. Scraping, republication, monetization, and malicious use prohibited; this site may use cookies and collect identifying information. See terms. The Jeopardy! game show and all elements thereof, including but not limited to copyright and trademark thereto, are the property of Jeopardy Productions, Inc. and are protected under law. This website is not affiliated with, sponsored by, or operated by Jeopardy Productions, Inc. Join the discussion at JBoard.tv.